| 000 | 00546nam a2200181Ia 4500 | ||
|---|---|---|---|
| 005 | 20260415160334.0 | ||
| 008 | 008 250505s9999 xx 000 0 eng d | ||
| 037 | _aBooks to be hide in OPAC | ||
| 040 |
_aFEDL _beng _cFEDL |
||
| 041 |
_aeng _2eng |
||
| 084 |
_a423 WEB/O _qFEDL |
||
| 100 |
_aDevlin Joseph Ed. _9755758 |
||
| 245 | 0 | _aWebster's new standard dictionary | |
| 260 |
_aCleveland _bThe World Publishing Company _c1943 |
||
| 300 | _axxxi,1250p. | ||
| 942 |
_cHB _h423 WEB/O |
||
| 999 |
_c1321844 _d1321844 |
||